| 000 | 00760nam a2200229 i 4500 | ||
|---|---|---|---|
| 001 | 78880 | ||
| 003 | ES-MaACL | ||
| 005 | 20240522092751.0 | ||
| 007 | t| | ||
| 008 | 041018s1983 sp ||||1| spa d | ||
| 100 | 1 |
_aHeidegger, Martin. _962337 |
|
| 245 | 1 | 0 |
_aInterpretaciones sobre la poesía de Hölderlin / _cMartin Heidegger ; introducción de Eugenio Trías ; traducción del alemán por José María Valverde. |
| 250 | _a[1ª ed.]. | ||
| 260 |
_aBarcelona : _bAriel, _c[1983] |
||
| 300 |
_a203 p. ; _c21 cm. |
||
| 490 | 1 | _aAriel filosofía | |
| 700 | 1 |
_aTrías, Eugenio. _9111368 |
|
| 700 | 1 |
_aValverde, José María, _d1926-1996 _9113013 |
|
| 830 | 0 |
_aAriel filosofía _9178145 |
|
| 852 |
_aES-MaACL _jL-957 _bR.105029 |
||
| 999 |
_c78880 _d78880 |
||